00599nam a2200181Ia 4500003000900000008004100009040001600050080002600066110003300092245011900125260005000244300000800294500001900302650001800321650002700339650003000366650002100396IN-BaIIA211028s9999 xx 000 0 eng d cIIA Library a083.7:621.882.14bISI aIndian Standards Institution 0aIndian standard dimensions for nominal lengths and thread for bolts screws and studscIndian Standards Institution aNew DelhibIndian Standards Institutionc1967 a6p. aIS 4206 : 1967 a Standards  a Thread Lengths Bolts a Thread Lengths-Screws  aNASA Thesaurus